LEADER 01346nam 2200337Ia 450 001 996384426303316 005 20221108033151.0 035 $a(CKB)1000000000585570 035 $a(EEBO)2240923306 035 $a(OCoLC)166384414 035 $a(EXLCZ)991000000000585570 100 $a20070829d1612 uy 0 101 0 $aeng 135 $aurbn||||a|bb| 200 10$aArticles to be enquired of by the church-wardens and sworne-men within the Archdeaconrie of Excester$b[electronic resource] $ein the visitation of the Right Worshipful Thomas Barret, Archdeacon of the said Archdeaconrie of Excester. Anno Domini, 1612. 210 $aLondon $cPrinted by William Stansby.$d1612. 215 $a[11] p 300 $aTitle vignette, headpieces on t.p. with royal arms, tailpiece, initials. 300 $aSignatures: A⁴ B². 300 $aReproduction of original in: British Library. 330 $aeebo-0018 606 $aVisitations, Ecclesiastical$zEngland$vEarly works to 1800 615 0$aVisitations, Ecclesiastical 700 $aChurch of England$01004974 701 $aBarret$b Thomas$01017612 801 0$bUMI 801 1$bUMI 906 $aBOOK 912 $a996384426303316 996 $aArticles to be enquired of by the church-wardens and sworne-men within the Archdeaconrie of Excester$92388240 997 $aUNISA LEADER 01729nas 22005533a 450 001 996231349203316 005 20221226231212.0 011 $a2168-3379 035 $a(OCoLC)60637751 035 $a(CKB)110978966550922 035 $a(CONSER)--2012201523 035 $a(EXLCZ)99110978966550922 100 $a20050615a19509999 --- a 101 0 $aeng 135 $aurun||||||||| 181 $ctxt$2rdacontent 182 $cc$2rdamedia 183 $acr$2rdacarrier 200 10$aSing out 210 $aNew York City, N.Y. $cPeoples Artists 215 $a1 online resource (volumes) $cillustrations, music 300 $aSome issues bear thematic titles. 300 $aIssues for published: Bethlehem, PA : Sing Out Corporation. 311 $a0037-5624 531 $aSING OUT THE FOLKSONG MAGAZINE 531 $aSING OUT! 606 $aFolk songs$zUnited States$vPeriodicals 606 $aSongs$zUnited States$vPeriodicals 606 $aPopular music$zUnited States$vPeriodicals 606 $aFolk songs$2fast$3(OCoLC)fst00929707 606 $aPopular music$2fast$3(OCoLC)fst01071422 606 $aSongs$2fast$3(OCoLC)fst01126120 607 $aUnited States$2fast 608 $aMAG (Magazine/Journal) 608 $aPeriodicals.$2fast 610 0 $aArts, visual and performing$aEthnic, cultural, racial issues/studies. 615 0$aFolk songs 615 0$aSongs 615 0$aPopular music 615 7$aFolk songs. 615 7$aPopular music. 615 7$aSongs. 676 $a784/.05 712 02$aPeoples Artists, Inc. 712 02$aSing Out! Corporation. 906 $aJOURNAL 912 $a996231349203316 996 $aSing out$91948174 997 $aUNISA